Normal view
MARC view
- Cárcamo, Gonzalo,
Entry Nombre Personal
001 - NUMERO DE CONTROL
- campo de control: 35502
003 - IDENTIFICADOR DE NUMERO DE CONTROL
- campo de control: UPN
005 - FECHA Y HORA DE LA ÜLTIMA TRANSACCIÓN
- campo de control: 20210219194504.0
008 - DATOS DE LONGITUD FIJA
- campo de control de longitud fija: nabaccnnaabn|||||||||| b |nc|||||d
035 ## - NUMERO DE CONTROL
- Número de control: UPN11000007609
040 ## - FUENTE DE CATALOGACIÓN
- Lenguaje de catalogación: SPA
- Agencia de transcripción: UPN
100 1# - ENCABEZAMIENTO - NOMBRE PERSONAL
- Nombre personal: Cárcamo, Gonzalo,
- Fechas asociadas con el nombre: 1954-
400 0# - VEÁSE - NOMBRE DE PERSONA
- Personal name: Cárcamo,
- Dates associated with a name: 1954-
670 ## - FUENTE EN LA QUE SE LOCALIZARON DATOS
- Cita de la fuente: LC/P
680 ## - NOTA PUBLICA DE ACCESO PÚBLICO
- Frase explicativa de la referencia: Publicista, artista, ilustrador y caricaturista chileno radicado en Brasil
902 ## - CATALOGADOR
- Catalogador: CAA/290714
